MEDICINAL CHEMISTRY-III (Record no. 12394)

MARC details
000 -LEADER
fixed length control field 00397nam a22001697a 4500
003 - CONTROL NUMBER IDENTIFIER
control field OSt
008 - FIXED-LENGTH DATA ELEMENTS--GENERAL INFORMATION
fixed length control field 240403b |||||||| |||| 00| 0 eng d
020 ## - INTERNATIONAL STANDARD BOOK NUMBER
International Standard Book Number 9788122449914
082 ## - DEWEY DECIMAL CLASSIFICATION NUMBER
Classification number 615.19 KAM
100 ## - MAIN ENTRY--PERSONAL NAME
Personal name KAR, ASHUTOSH
245 ## - TITLE STATEMENT
Title MEDICINAL CHEMISTRY-III
250 ## - EDITION STATEMENT
Edition statement 1st
260 ## - PUBLICATION, DISTRIBUTION, ETC. (IMPRINT)
Place of publication, distribution, etc N.Delhi
Name of publisher, distributor, etc New Age
Date of publication, distribution, etc 2023
300 ## - PHYSICAL DESCRIPTION
Extent xv,200
650 ## - SUBJECT ADDED ENTRY--TOPICAL TERM
Topical term or geographic name as entry element MEDICINAL CHEMISTRY-III
942 ## - ADDED ENTRY ELEMENTS (KOHA)
Source of classification or shelving scheme Dewey Decimal Classification
Koha item type Text Books
Holdings
Withdrawn status Lost status Source of classification or shelving scheme Damaged status Not for loan Collection code Home library Current library Date acquired Source of acquisition Currency Cost, normal purchase price Bill Number Total Checkouts Full call number Acc. no. / Barcode Date last seen Actual Cost, discounted price Bill Date Koha item type Date last borrowed
    Dewey Decimal Classification     B.Pharma PIET C-LIBRARY PIET C-LIBRARY 03/04/2024 ZAFAA BOOKS RUPEES 375.00 ZBDO459   615.19 KAM BP2476 03/04/2024 255.00 23/03/2024 Text Books  
    Dewey Decimal Classification     B.Pharma PIET C-LIBRARY PIET C-LIBRARY 03/04/2024 ZAFAA BOOKS RUPEES 375.00 ZBDO459 2 615.19 KAM BP2477 12/01/2026 255.00 23/03/2024 Text Books 31/12/2025
    Dewey Decimal Classification     B.Pharma PIET C-LIBRARY PIET C-LIBRARY 03/04/2024 ZAFAA BOOKS RUPEES 375.00 ZBDO459 1 615.19 KAM BP2478 28/12/2024 255.00 23/03/2024 Text Books 16/12/2024
    Dewey Decimal Classification     B.Pharma PIET C-LIBRARY PIET C-LIBRARY 03/04/2024 ZAFAA BOOKS RUPEES 375.00 ZBDO459 2 615.19 KAM BP2479 26/12/2024 255.00 23/03/2024 Text Books 12/12/2024
    Dewey Decimal Classification     B.Pharma PIET C-LIBRARY PIET C-LIBRARY 03/04/2024 ZAFAA BOOKS RUPEES 375.00 ZBDO459 3 615.19 KAM BP2480 21/01/2026 255.00 23/03/2024 Text Books 08/01/2026

Design & Developed by: PIET Central Library
R70 Miles Stone Pattikalyana Samalkha Panipat 132102
mail ID :- [email protected], Phone No:- 0180-2569700 Ex.216